000 00332nam a2200133Ia 4500
999 _c8197
_d8197
008 191201s2018 xx 000 0 und d
082 _a612 KUB
100 _aKUMAR,N
245 0 _aBasic Anatomy and Physiology
260 _bAITBS pub
_aNew Delhi
_c2018
300 _a314
650 _aHuman Anatomy & Physiology
942 _2ddc
_cBK
_06